INTELLIGENCE IN SOCIAL SCIENCES & ARTS (Record no. 534946)
[ view plain ]
| 000 -LEADER | |
|---|---|
| fixed length control field | 00341nam a22001097a 4500 |
| 100 ## - MAIN ENTRY--PERSONAL NAME | |
| Personal name | Prof. Dr. Parveen Shah |
| 245 ## - TITLE STATEMENT | |
| Title | INTELLIGENCE IN SOCIAL SCIENCES & ARTS |
| Statement of responsibility, etc. | Prof. Dr. Parveen Shah |
| 260 ## - PUBLICATION, DISTRIBUTION, ETC. | |
| Place of publication, distribution, etc. | Khairpur |
| Name of publisher, distributor, etc. | Shah Abdul Latif University |
| Date of publication, distribution, etc. | 2015 |
| 300 ## - PHYSICAL DESCRIPTION | |
| Extent | 144p |
| 942 ## - ADDED ENTRY ELEMENTS (KOHA) | |
| Source of classification or shelving scheme | |
| Koha item type | Book |
| Withdrawn status | Lost status | Source of classification or shelving scheme | Damaged status | Not for loan | Permanent Location | Current Location | Date acquired | Total Checkouts | Full call number | Barcode | Date last seen | Date last checked out | Price effective from | Koha item type |
|---|---|---|---|---|---|---|---|---|---|---|---|---|---|---|
| Central Library (CL) | Central Library (CL) | 08/24/2020 | 1 | 158.37 PAR | CL-D-958 | 01/22/2024 | 08/25/2022 | 08/24/2020 | Book |
